Welsh Postcode Areas - Statistics

General Stats
  • This quiz has been taken 29 times
  • The average score is 4 of 9
Answer Stats
Postcode Postcode Area % Correct
CF Cardiff
96%
NP Newport
76%
SA Swansea
76%
LL Llandudno
56%
CH Chester
36%
HR Hereford
32%
GL Gloucester
28%
SY Shrewsbury
28%
LD Llandrindod
16%
No matching quizzes found
Score Distribution
Percent of People with Each Score
Percentile by Number Answered
Your Score History
You have not taken this quiz